1712 1244 1143 1057 1867 1635 1505 1808 1978 1289 1715 1522 1426 1144 1847 1212 1347 1577 1530 1127 1565 1848 1531 1122 1886 1771 1453 1180 1586 1529 1261 1990 1197 1098 1201 1125 1989 1836 1629 1027 1370 1115 1091 1702 1620 1109 1972 1490 1666 1898 1815 1633 1996 1321 1428 1138 1147 1622 1550 1917 1555 1051 1125 1697 1130 1659 1617 1747 1761 1237 1416 1987 1630 1803 1933 1350 1745 1013 1944 1661 1304 1017 1611 1534 1832 1561 1146 1812 1155 1957 1333 1575 1708 1948 1299 1725 1928 1525 1506 BCNSPRNW ULIB Ver.6.0+V

เปลี่ยนเป็นภาษาไทย

Change to English
 แสดงรายละเอียดบรรณานุกรม
  กลับหน้าหลัก

Brief Record : Get Marc (ISO 2709) : E-mail record : QR code < ปิดหน้าต่าง
LEADER : 00000nam 2200000uu 4500
001    13399126140
003     ULIB
008    180612s2015||||th 000 0 tha d
020    ^a9781107645622
050 00 ^aPE1128^bC172^cV.9
245 10 ^aCambridge practice tests for IELTS 9
260    ^aCambridge :^bCambridge University Press,^c2015
300    ^a176 p.:^bill. ;^c25 cm.
650 00 ^aInternational English Language Testing System.
650 00 ^aEnglish language^xExaminations, questions, etc.
650 00 ^aEnglish language^xTextbooks for foreign speakers
945    ^p530^l0^i004236
999    ^aวรรณษา ชูชัยมงคล
รายการนี้ยังไม่มีแท็ก
คุณยังไม่ได้ล็อกอิน คุณสามารถมีกิจกรรมร่วมกับเว็บไซต์ได้ แต่ต้องล็อกอินก่อน ::
  ล็อกอิน

รายการสื่อสารสนเทศ

ลำดับที่ ประเภท เลขเรียก/บาร์โค้ด สถานที่ สถานะ
1. วิทยาศาสตร์การแพทย์ และสุขภาพ
หนังสือสำรอง
สถานะ=หนังสือสำรอง
PE1128 C172 V.9 ฉ.1 
  Barcode: 004236
ห้องสมุดวิทยาเขตสวรรค์ประชารักษ์
►หนังสือทั่วไป
บนชั้น

รายการใกล้เคียง
    ชื่อเรื่อง [Cambridge practice tests for IELTS 9]

    หัวเรื่อง [International English Language Testing System.]

BibComment


ยังไม่เคยถูกคอมเมนท์

คอมเมนท์ทรัพยากรรายการนี้
  คอมเมนท์: Cambridge practi..


 Copyright 2026. Bcnsprnw @Library